000 00462nam a2200157 a 4500
001 000034296
005 20200930073626.0
008 110930s20uu dr a 000 0 spa d
040 _aDO-SdBNP
_bspa
_cBNPHU
041 1 7 _aspa
_beng
082 _axxx
_bA791
245 0 0 _aArtistas latinoaméricanos /
_ctexto Sara Herman.
260 _aSanto Domingo :
_bGaleria de Arte Francisco Nader,
_c[20--?].
300 _a[46 p.] :
_bil. ;
_c28.
700 1 _aHerman, Sara
_959729
999 _c33787
_d33787